1894 1355 1052 1467 1956 1161 1179 1341 1757 1080 1093 1934 1171 1163 1394 1392 1423 1663 1051 1209 1492 1599 1062 1325 1131 1938 1505 1693 1892 1460 1138 1573 1600 1036 1364 1660 1617 1528 1199 1498 1257 1555 1307 1439 1103 1483 1753 1803 1291 1005 1085 1512 1924 1381 1892 1453 1316 1912 1255 1822 1251 1600 1360 1357 1242 1306 1026 1030 1858 1072 1292 1899 1533 1230 1162 1147 1356 1417 1150 1368 1136 1721 1493 1113 1164 1100 1711 1063 1810 1031 1346 1385 1926 1420 1576 1469 1463 1876 1943 BCNSPRNW ULIB Ver.6.0+V

เปลี่ยนเป็นภาษาไทย

Change to English
 แสดงรายละเอียดบรรณานุกรม
  กลับหน้าหลัก

Brief Record : Get Marc (ISO 2709) : E-mail record : QR code < ปิดหน้าต่าง
LEADER : 00000nam 2200000uu 4500
001    13399121436
003     ULIB
008    120322s2551||||th 000 0 tha d
020    ^a9789744750983
090    ^aนว.^bท363ห
100 0  ^aทัศนาวดี
245 00 ^aหมู่บ้านแอโรบิก/^cทัศนาวดี
250    ^aพิมพ์ครั้งที่ 1
260    ^aกรุงเทพฯ :^bแพรวสำนักพิมพ์,^c2551
300    ^a137 หน้า
710 1  ^aแพรวสำนักพิมพ์
945    ^p110^l0^i15026
995    ^aทศพร
999    ^aใช้งานได้ทุกระบบ
รายการนี้ยังไม่มีแท็ก
คุณยังไม่ได้ล็อกอิน คุณสามารถมีกิจกรรมร่วมกับเว็บไซต์ได้ แต่ต้องล็อกอินก่อน ::
  ล็อกอิน

รายการสื่อสารสนเทศ

ลำดับที่ ประเภท เลขเรียก/บาร์โค้ด สถานที่ สถานะ
1. นวนิยาย
นวนิยาย
นว. ท363ห ฉ.1 
  Barcode: 15026
ห้องสมุดวิทยาเขตสวรรค์ประชารักษ์
►นวนิยาย
บนชั้น
  ขอยืม

BibComment


ยังไม่เคยถูกคอมเมนท์

คอมเมนท์ทรัพยากรรายการนี้
  คอมเมนท์: หมู่บ้านแอโรบิก ..


 Copyright 2026. Bcnsprnw @Library